Catalog

Record Details

Catalog Search



Available copies

  • 2 of 3 copies available at LARL/NWRL Consortium.
  • 2 of 3 copies available at Lake Agassiz Regional Library. (Show preferred library)

Current holds

0 current holds with 3 total copies.

Show Only Available Copies
Location Call Number / Copy Notes Barcode Shelving Location Status Due Date
Crookston Public Library M LOU (Text) 33500013501739 Main Available -
Detroit Lakes Public Library M LOU (Text) 33500013501747 Main Available -
Moorhead Public Library M LOU (Text) 33500013477484 Main Checked out 05/13/2026

Record details

  • ISBN: 9781948584821
  • ISBN: 1948584824
  • Physical Description: 301 pages ; 21 cm
  • Edition: First edition.
  • Publisher: [United States?] : ToadHouse Books, [2019]

Content descriptions

Summary, etc.:
"After eleven straight months of discovering a ... Read More
Subject: James, Mira (Fictitious character) > Fiction.
Librarians > Fiction.
Criminal investigation > Fiction.
Fathers and daughters > Fiction.
Minnesota > Fiction.
FICTION / Mystery & Detective / Women Sleuths.
Criminal investigation.
Fathers and daughters.
Librarians.
Minnesota.
Genre: Humorous fiction.
Detective and mystery fiction.
Fiction.
Detective and mystery fiction.
Humorous fiction.
LDR 02595cam a2200493Ii 4500
001377524
003LARL_NWRL_CONSORTIUM
00520211020180307.0
008190329t20192019xxu 000 1 eng d
040 . ‡aANK ‡beng ‡erda ‡cANK ‡dANK ‡dOCLCF ‡dOCLCO ‡dSSH ‡dOCLCO ‡dNZAUC ‡dOCL ‡dOCLCA ‡dBPLCP
020 . ‡a9781948584821 ‡q(paperback)
020 . ‡a1948584824 ‡q(paperback)
035 . ‡a(OCoLC)1090813088
043 . ‡an-us-mn
08214. ‡a[E]
1001 . ‡aLourey, Jess, ‡d1970- ‡eauthor. ‡0(LARL_NWRL_CONSORTIUM)194889
24510. ‡aApril fools / ‡cJess Lourey.
250 . ‡aFirst edition.
264 1. ‡a[United States?] : ‡bToadHouse Books, ‡c[2019]
264 4. ‡c©2019
300 . ‡a301 pages ; ‡c21 cm
336 . ‡atext ‡btxt ‡2rdacontent
337 . ‡aunmediated ‡bn ‡2rdamedia
338 . ‡avolume ‡bnc ‡2rdacarrier
4900 . ‡aMurder by month mystery ; ‡v12
4900 . ‡aMira James ; ‡v12
520 . ‡a"After eleven straight months of discovering a dead body a month, librarian Mira James thinks she's finally broken her bad luck streak. That is until she finds a disturbing note in a book, a clue that could lead to breaking open one of Minnesota's biggest crime syndicates. She follows the trail and is horrified to discover that it leads to her father, who died 13 years earlier. To make matters worse, Mira catches wind that her sexy Adonis boyfriend, Johnny, is planning a surprise for her. Problem is, she doesn't know if it's a marriage proposal or an intervention. As Mrs. Berns and Mira take on their final case together, Mira discovers it's more personal than she could have imagined, and that she holds the fates of her dearest friends in her hands."--Publisher description.
60010. ‡aJames, Mira ‡c(Fictitious character) ‡vFiction.
650 0. ‡aLibrarians ‡vFiction. ‡0(LARL_NWRL_CONSORTIUM)172743
650 0. ‡aCriminal investigation ‡vFiction.
650 0. ‡aFathers and daughters ‡vFiction. ‡0(LARL_NWRL_CONSORTIUM)164950
651 0. ‡aMinnesota ‡vFiction. ‡0(LARL_NWRL_CONSORTIUM)166041
650 7. ‡aFICTION / Mystery & Detective / Women Sleuths. ‡2bisacsh
650 7. ‡aCriminal investigation. ‡2fast ‡0(LARL_NWRL_CONSORTIUM)18015
650 7. ‡aFathers and daughters. ‡2fast ‡0(LARL_NWRL_CONSORTIUM)20043
650 7. ‡aLibrarians. ‡2fast ‡0(LARL_NWRL_CONSORTIUM)24474
651 7. ‡aMinnesota. ‡2fast ‡0(LARL_NWRL_CONSORTIUM)55629
655 7. ‡aHumorous fiction. ‡2fast
655 7. ‡aDetective and mystery fiction. ‡2fast
655 7. ‡aFiction. ‡2fast
655 7. ‡aDetective and mystery fiction. ‡2lcgft
655 7. ‡aHumorous fiction. ‡2lcgft
905 . ‡uvanderl
901 . ‡a377524 ‡b ‡c377524 ‡tbiblio ‡soclc

Additional Resources